Statistiken für Amphibien und Reptilien A-Z - Bilderquiz

Klicken Sie hier um das Quiz zu spielen!

Allgemein

  • Dieses Quiz wurde 199 mal gespielt
    (197 seit der letzten Aktualisierung)
  • Das Durchschnittsergebnis liegt bei 15 aus 22

Antwortstatistiken

Antwort% Korrekt
Alligator
99%
Kobra
98%
Natter
96%
Gecko
91%
Feuersalamander
90%
Leguan
89%
Chamäleon
86%
Viper
83%
Waran
83%
Eidechse
81%
Tyrannosaurus
78%
Blindschleiche
77%
Riesenschildkröte
77%
Unke
73%
Pfeilgiftfrosch
71%
Stegosaurus
70%
Molch
58%
Zauneidechse
31%
Olm
26%
Diplodocus
23%
Ichthyosaurus
10%
Höckerschildkröte
6%

Verteilung der Resultate

Perzentil nach korrekt beantworteten Fragen

Anzahl Personen mit jedem Resultat

Ihre Resultats-Entwicklung

Sie haben dieses Quiz seit der letzten Aktualisierung nicht gespielt